000 01265nab a2200289 i 4500
001 193749
003 ES-MaACL
005 20250829063134.0
007 t|
008 240208s1956 sp ||||1| spa d
040 _aES-MaACL
_bspa
_cES-MaACL
110 1 _aEspaña.
_bJefe de Estado (1936-1975: Franco)
_eisb
_93814
245 1 0 _aLey de 27 de diciembre de 1956 por la que se concede un crédito extraordinario de 1.207.324,25 pesetas al Ministerio de Información y Turismo destinado a satisfacer obras realizadas en el año 1951 en el edificio que ocupa el Ateneo Científico y Literario de Madrid /
_cFrancisco Franco
260 _a[Madrid] :
_bBOE,
_c1956
300 _a1 página ;
_c30 cm
336 _2rdacontent
_atexto
337 _2rdamedia
_asin mediación
338 _2rdacarrier
_avolumen
500 _aFotocopia de la "Ley de 27 de diciembre de 1956...", publicada en "Boletín Oficial del Estado", 29 de diciembre de 1956, n. 364
610 2 4 _aAteneo de Madrid-
_vHistoria
_91925
655 4 _aLegislación
_9226283
700 1 _aFranco Bahamonde, Francisco,
_d1892-1975
_eaut
_952240
852 4 _aES-MaACL
_cDEPOF
_j2347-F-83
_9201284
942 _2udc
_cART_PRENSA
_n0
999 _c193749
_d193749